[Event "28th WSCC Open 50 2018"]
[Site "Bled"]
[Date "2018.11.28"]
[Round "10"]
[White "Berend, Fred"]
[Black "Vareille, Francois"]
[Result "1/2-1/2"]
[WhiteElo "2369"]
[BlackElo "2432"]
[Annotator "TA"]
[PlyCount "155"]
[EventDate "2018.11.17"]
[EventType "swiss"]
[EventCountry "SLO"]
[SourceTitle "playchess.com"]
[Source "ChessBase"]
[SourceQuality "1"]

{[%evp 20,155,41,46,50,48,54,22,22,10,7,20,35,26,23,-12,-16,-11,-3,-10,0,0,62,61,35,59,67,40,95,88,94,103,220,25,35,0,0,-18,-29,-26,-27,-62,-43,-48,-32,-48,-40,-92,-70,-96,-93,-106,8,8,8,8,18,14,11,-41,-41,-41,-41,-41,-23,-8,-8,-8,-8,-89,0,-8,0,0,0,0,0,0,8,8,6,4,14,0,49,9,20,23,535,0,0,0,0,0,0,0,0,-194,-184,-174,-102,-61,0,-766,1313,-562,0,0,0,-908,-613,-1412,-1406,-1340,-1308,-1308,0,-5,-24,-20,0,0,0,0,0,0,0,0,0,0,0,0,0,0,0,0,0,0]} 1. e4 e6 2. d4 d5 3. Nc3 Nf6 4. e5 Nfd7 5. f4 c5 6. Nf3 Nc6 7. Be3 Qb6 8. Na4 Qa5+ 9. c3 b6 {[%cal Bb7b6,Bb6b5,Bb5b4][%mdl 32]} 10. Bd2 c4 11. b4 $1 {[%cal Rb4a5]} Nxb4 {C11: French: Classical System: 4 e5 and 4 Bg5 dxe4} (11... Qa6 12. Be2 Be7 13. O-O f5 14. Qc2 O-O 15. Kh1 Qb7 16. Rg1 Rf7 17. g4 b5 18. gxf5 Rxf5 19. Nc5 Nxc5 20. bxc5 {0-1 (57) Karjakin,S (2773)-Duda,J (2737) chess.com INT 2018}) 12. cxb4 Bxb4 {Strongly threatening ...b5.} 13. Rc1 Bxd2+ 14. Nxd2 b5 15. Nc3 b4 16. Qa4 Qb6 17. Nce4 $146 ({Predecessor:} 17. Nb5 O-O 18. Nf3 Nb8 19. Nd6 {0-1 (38) Dobrovoljc,V (2344)-Gavrilescu,D (2451) Bad Blankenburg 2018}) 17... O-O $1 18. Nd6 $1 Qxd4 19. Nxc8 Rfxc8 20. Qxd7 Qxf4 (20... Qb2 $11 21. Rd1 c3) 21. Be2 $1 $14 Qxe5 22. Rf1 Rc7 23. Qa4 Qxh2 (23... a5 $14) 24. Qxb4 $16 Qxg2 25. Qd6 Rb7 {[#]} (25... Rac8 $16) 26. Rc3 $2 (26. Rxc4 $1 $18 {[%mdl 512]} dxc4 27. Bf3 {[%mdl 64] Double Attack, Skewer}) 26... Qg5 $1 $11 (26... Rb2 $2 27. Rg3 $18) 27. Rg3 (27. Nf3 $5 {[%cal Rf3g5]} Rd8 28. Qc5 (28. Nxg5 Rxd6 29. Rc2 f6 $11) 28... Qg3+ 29. Qf2 $11) 27... Rd8 {aiming for ...Qxd2+!} 28. Qf4 Qxf4 29. Rxf4 g6 30. Nf3 Kg7 {[%mdl 1024] Black has compensation.} 31. Rd4 Rc8 32. Rd1 Rb2 33. Ra1 (33. Nd4 $15) 33... Rc6 34. Nd4 Ra6 $1 35. a4 e5 (35... f5 $17 36. Rg2 Rb4) 36. Nf5+ $1 Kf8 37. Ne3 Rb3 38. Rd1 Ra5 39. Kf2 ({White should play} 39. Rf3 $1 $11) 39... c3 $1 $15 40. Nxd5 ({Don't go for} 40. Rxd5 $2 Rxd5 41. Nxd5 c2 $19) 40... c2 41. Rxb3 cxd1=Q 42. Rb8+ Kg7 43. Bxd1 Rxd5 $11 {[%mdl 4096] Endgame KRB-KR} 44. Bf3 (44. Ke1 $11 {remains equal.}) 44... Rd6 (44... Rd7 $17) 45. a5 Rd2+ 46. Be2 a6 47. Rb6 Ra2 48. Rxa6 f5 49. Ra7+ Kf6 50. a6 h5 51. Rb7 {next a7 is good for White.} f4 52. Ke1 (52. a7 $5 {[%cal Rb7b6]} Kf5 53. Ke1 Ra1+ 54. Kd2 $16) 52... e4 53. Bc4 Ra3 $2 {[%mdl 8192]} (53... Ra1+ $1 $11 54. Kf2 g5) 54. Kd2 $2 ({White must play} 54. a7 $1 $18 Ke5 55. Rd7) 54... h4 55. Rb3 Ra1 {...Ke5 is the strong threat.} 56. Kc2 f3 57. Kb2 Ra4 58. Bb5 $2 (58. Rb6+ $1 $11 Ke5 59. Kb3) 58... Ra5 $19 {White must now prevent ...h3.} 59. Kc3 h3 (59... g5 $19 60. Kb4 Rxa6 $1 {[%mdl 512]} 61. Bxa6 g4) 60. Rb1 $17 Ke5 (60... g5 $1 $15 61. Kb4 Ra2) 61. Bc4 $2 {[%mdl 8192]} (61. Kb4 $11 Ra2 62. Kb3) 61... Rc5 $4 {[%mdl 8192]} (61... g5 $19 62. Kb4 Rxa6 $1 {[%mdl 512]} 63. Bxa6 g4) 62. Ra1 $4 {[%mdl 8192]} (62. a7 $1 $18 {[%cal Ra7a8]} Ra5 63. Rb5+ Rxb5 64. a8=Q (64. Bxb5 h2 $11)) 62... g5 $2 (62... Rc8 $19 {Hoping for ...g5.} 63. Rh1 Rh8) 63. a7 $11 Rc8 64. Kd2 $2 {[%mdl 8192]} (64. a8=R $11 Rxa8 65. Rxa8) 64... Ra8 65. Ke3 h2 66. Ra5+ {[#]} Kf6 $1 67. Ra6+ {[#]} Ke5 $2 (67... Kf5 $1 $19 68. Rh6 Rxa7 69. Rxh2 Ra3+ 70. Kd4 e3) 68. Ra5+ $1 Kd6 69. Rd5+ Kc6 {The position is equal.} (69... Ke7 $5 70. Rd1 $8 Rxa7 71. Kxe4 Rc7 $11) 70. Rd1 Kc5 71. Bd5 h1=Q {[%mdl 64] Deflection} 72. Rxh1 Kxd5 {KR-KR} 73. Rg1 Rxa7 {And now ...Ra3+ would win.} 74. Rxg5+ Kc4 75. Re5 $1 Rf7 76. Rxe4+ Kd5 (76... Kc5 $5 77. Kf2 $8 Rf6 $11) 77. Rd4+ Kc5 {( -> ...f2)} 78. Rd2 {Accuracy: White = 50%, Black = 46%.} 1/2-1/2

[Event "28th WSCC Open 50 2018"]
[Site "Bled"]
[Date "2018.11.28"]
[Round "10"]
[White "Cummings, David H."]
[Black "Sturua, Zurab"]
[Result "0-1"]
[WhiteElo "2331"]
[BlackElo "2529"]
[Annotator "TA"]
[PlyCount "104"]
[EventDate "2018.11.17"]
[EventType "swiss"]
[EventCountry "SLO"]
[SourceTitle "playchess.com"]
[Source "ChessBase"]
[SourceQuality "1"]

{[%evp 21,104,52,43,32,35,38,65,87,116,85,236,210,240,194,185,15,24,5,0,0,0,0,0,0,0,-44,-28,-134,-104,-125,-105,-113,-130,-127,-127,-203,-208,-183,-151,-144,-98,-185,-138,-335,-337,-574,-570,-551,-407,-499,-510,-494,-508,-710,-479,-554,-554,-554,-500,-554,-554,-554,-554,-554,-554,-554,-513,-668,-650,-667,-585,-721,-716,-771,-710,-1122,-663,-648,-619,-747,-619,-1422,-549,-683,-634]} 1. c4 e5 2. Nc3 Nf6 3. Nf3 d6 4. d4 Nbd7 5. e4 Be7 6. Be2 O-O 7. O-O c6 8. Qc2 a6 9. Rd1 Qc7 10. Rb1 b5 11. b4 Re8 12. h3 {A55: Old Indian Defence with Nf3 and e4} Bb7 13. Be3 g6 $146 ({Predecessor:} 13... exd4 14. Bxd4 Rac8 15. Nd2 c5 16. bxc5 Nxc5 17. cxb5 Ne6 {0-1 (53) Tukmakov,V (2605)-Pedzich,D (2435) Koszalin 1998}) 14. dxe5 {White is slightly better.} dxe5 15. Qb3 c5 $2 (15... a5 $16 16. a3 (16. cxb5 axb4 17. bxc6 Bxc6 $11) 16... axb4 17. axb4 c5) 16. cxb5 $18 cxb4 17. Ng5 Rf8 18. Nd5 $2 (18. Na4 $1 $18) 18... Bxd5 $1 $11 19. exd5 axb5 $1 20. Rbc1 Qb8 21. Rc6 Ra3 22. Qc2 Bd6 23. h4 Re8 24. Bf3 {[#]} (24. h5 $11 {remains equal.}) 24... e4 $1 $17 {[%cal Re4f3][%mdl 512]} 25. Nxe4 (25. Bxe4 Rc3) 25... Nxe4 26. Bxe4 {[#]} Ne5 $1 $36 {[%cal Re5c6][%mdl 2048] White is under strong pressure.} 27. Bc1 Ra4 28. Rxd6 (28. Bf3 $17 {is a better defense.}) 28... Qxd6 $19 29. Bf4 Ra6 30. Bg3 Qd7 31. Qb3 (31. Qb1 $17) 31... Qg4 32. Bxe5 $2 (32. Qb1 $17) 32... Rxe5 33. f3 $2 (33. Bf3 Qxh4 34. Qc2) 33... Qxh4 34. Rc1 Qe7 {Hoping for ...Qa7+.} 35. Qb2 Qa7+ {Black is clearly winning.} 36. Kf1 Re8 37. Rc2 Qe7 38. Rc6 Rxc6 39. dxc6 {[%mdl 4096] Endgame KQR-KQB} Qd6 40. Qc1 Qe6 41. Qd2 Qc4+ 42. Kg1 Qc5+ 43. Kf1 Kg7 44. g4 h6 45. Kg2 Re5 46. Qd7 {intending c7.} Qc3 47. Qd6 Rc5 48. Kh3 Qe5 49. Qd2 Rc3 {And now ...Qxe4 would win.} 50. Kg2 Rc4 51. Qd3 Qd4 (51... Qb2+ $142 52. Kg3 Rc1 53. Bxg6 Rh1) 52. Qe2 Rc1 {Accuracy: White = 29%, Black = 64%.} 0-1

[Event "28th WSCC Open 50 2018"]
[Site "Bled"]
[Date "2018.11.28"]
[Round "10"]
[White "Namyslo, Holger"]
[Black "Biro, Sandor"]
[Result "0-1"]
[WhiteElo "2254"]
[BlackElo "2191"]
[Annotator "RC"]
[PlyCount "62"]
[EventDate "2018.11.17"]
[EventType "swiss"]
[EventCountry "SLO"]
[SourceTitle "playchess.com"]
[Source "ChessBase"]
[SourceQuality "1"]
[TimeControl "40/5400+30:1800+30"]

1. e4 {[%emt 0:00:00]} e5 {[%emt 0:00:00]} 2. Nf3 {[%emt 0:00:00]} Nc6 {[%emt 0:00:00]} 3. Bc4 {[%emt 0:00:05]} Nf6 {[%emt 0:00:00]} 4. Ng5 {[%emt 0:00:24]} d5 {[%emt 0:00:00]} 5. exd5 {[%emt 0:00:06]} Nd4 {[%emt 0:00:08]} 6. c3 {[%emt 0:00:05]} b5 {[%emt 0:00:05]} 7. Bf1 {[%emt 0:00:05]} Nxd5 {[%emt 0:00:06]} 8. Ne4 {[%emt 0:12:03]} Ne6 {[%emt 0:00:36]} 9. Bxb5+ {[%emt 0:01:54]} Bd7 {[%emt 0:00:06]} 10. Qa4 {[%emt 0:03:20]} Nb6 {[%emt 0:09:46]} 11. Bxd7+ {[%emt 0:00:16]} Nxd7 {[%emt 0:00:09]} 12. O-O {[%emt 0:02:45]} Be7 {[%emt 0:06:18]} 13. d4 {[%emt 0:01:56]} exd4 {[%emt 0:00:18]} 14. cxd4 {[%emt 0:00:54]} O-O {[%emt 0:00:09]} 15. Be3 {[%emt 0:07:53]} Nb6 {[%emt 0:06:16]} 16. Qd1 {[%emt 0:00:43]} f5 {[%emt 0:10:11]} 17. Nc5 {[%emt 0:20:33]} Bxc5 {[%emt 0:03:24]} 18. dxc5 {[%emt 0:01:32]} Qxd1 {[%emt 0:00:21]} 19. Rxd1 {[%emt 0:00:04]} Na4 {[%emt 0:00:28]} 20. b3 {[%emt 0:07:31]} Rad8 {[%emt 0:04:22]} 21. Rc1 {[%emt 0:01:19]} f4 {[%emt 0:13:36]} 22. Bd2 {[%emt 0:09:55]} Naxc5 {[%emt 0:00:53]} 23. Ba5 {[%emt 0:03:16]} Nd3 {[%emt 0:05:20]} 24. Rd1 {[%emt 0:02:07]} f3 {[%emt 0:00:41]} 25. gxf3 {[%emt 0:00:54]} Rxf3 {[%emt 0:05:28]} 26. Rd2 {[%emt 0:03:38]} Rf5 {[%emt 0:02:45]} 27. Bc3 {[%emt 0:01:31]} Nef4 {[%emt 0:02:01]} 28. Na3 {[%emt 0:03:13]} Rd6 {[%emt 0:01:29]} 29. Nc4 {[%emt 0:03:44]} Rg6+ {[%emt 0:00:44]} 30. Kf1 {[%emt 0:02:31]} Rfg5 {[%emt 0:00:10]} 31. Rxd3 {[%emt 0:00:26]} Rg1# {[%emt 0:00:08]} 0-1

[Event "28th WSCC Open 50 2018"]
[Site "Bled"]
[Date "2018.11.28"]
[Round "10"]
[White "Bergstrom, Rolf"]
[Black "Resika, Nathan"]
[Result "1-0"]
[WhiteElo "2216"]
[BlackElo "2124"]
[Annotator "RC"]
[PlyCount "149"]
[EventDate "2018.11.17"]
[EventType "swiss"]
[EventCountry "SLO"]
[SourceTitle "playchess.com"]
[Source "ChessBase"]
[SourceQuality "1"]
[TimeControl "40/5400+30:1800+30"]

1. e4 c5 {[%emt 0:02:34]} 2. Nf3 {[%emt 0:00:00]} Nc6 {[%emt 0:00:36]} 3. Bb5 {[%emt 0:00:02]} g6 {[%emt 0:00:26]} 4. Bxc6 {[%emt 0:00:09]} bxc6 {[%emt 0:00:06]} 5. O-O {[%emt 0:00:10]} Bg7 {[%emt 0:00:23]} 6. Re1 {[%emt 0:00:08]} Nh6 {[%emt 0:00:49]} 7. c3 {[%emt 0:00:22]} O-O {[%emt 0:01:37]} 8. d4 {[%emt 0:00:17]} cxd4 {[%emt 0:01:18]} 9. cxd4 {[%emt 0:00:08]} d5 {[%emt 0:00:39]} 10. e5 {[%emt 0:00:08]} f6 {[%emt 0:00:30]} 11. h3 {[%emt 0:10:00]} Nf7 {[%emt 0:04:43]} 12. e6 {[%emt 0:03:38]} Ng5 {[%emt 0:01:27]} 13. Bxg5 {[%emt 0:16:34]} fxg5 {[%emt 0:00:42]} 14. Nc3 {[%emt 0:02:53]} Qd6 {[%emt 0:49:40]} 15. Nxg5 {[%emt 0:14:50]} Qf4 {[%emt 0:06:10]} 16. Nf3 {[%emt 0:00:50]} Rb8 {[%emt 0:04:27]} 17. a3 {[%emt 0:07:44]} Rxb2 {[%emt 0:05:01]} 18. Qc1 {[%emt 0:02:22]} Rb8 {[%emt 0:15:48]} 19. Qxf4 {[%emt 0:03:54]} Rxf4 {[%emt 0:00:05]} 20. Rac1 {[%emt 0:00:11]} Rb3 {[%emt 0:02:02]} 21. Nxd5 {[%emt 0:00:15]} cxd5 {[%emt 0:00:43]} 22. Rxc8+ {[%emt 0:00:10]} Bf8 {[%emt 0:00:05]} 23. Rd8 {[%emt 0:02:42]} Rxa3 {[%emt 0:00:34]} 24. Rc1 {[%emt 0:00:09]} Ra6 {[%emt 0:00:15]} 25. Rc7 {[%emt 0:03:47]} Rxe6 {[%emt 0:00:08]} 26. Rxa7 {[%emt 0:00:04]} Rf5 {[%emt 0:00:48]} 27. Ne5 {[%emt 0:00:34]} Rexe5 {[%emt 0:01:15]} 28. dxe5 {[%emt 0:00:58]} Rxe5 {[%emt 0:00:03]} 29. Raa8 {[%emt 0:02:02]} Rf5 {[%emt 0:00:08]} 30. g4 {[%emt 0:00:05]} Rf6 {[%emt 0:01:00]} 31. Rxd5 {[%emt 0:00:05]} Kf7 {[%emt 0:00:12]} 32. Kg2 {[%emt 0:02:17]} Re6 {[%emt 0:00:17]} 33. Rd3 {[%emt 0:00:46]} Bg7 {[%emt 0:00:53]} 34. Rf3+ {[%emt 0:00:17]} Rf6 {[%emt 0:00:05]} 35. Re3 {[%emt 0:00:06]} Re6 {[%emt 0:00:12]} 36. Rxe6 {[%emt 0:00:57]} Kxe6 {[%emt 0:00:04]} 37. f4 {[%emt 0:00:08]} Kf7 {[%emt 0:01:12]} 38. Ra5 {[%emt 0:01:36]} Bc3 {[%emt 0:00:27]} 39. Rb5 {[%emt 0:00:17]} Bf6 {[%emt 0:00:28]} 40. Kf3 {[%emt 0:00:00]} Bg7 {[%emt 0:00:00]} 41. Ke4 {[%emt 0:00:22]} Bf6 {[%emt 0:03:18]} 42. Rd5 {[%emt 0:02:53]} Bh4 {[%emt 0:02:57]} 43. Rc5 {[%emt 0:03:00]} Bf6 {[%emt 0:00:20]} 44. Rb5 {[%emt 0:00:06]} h6 {[%emt 0:02:00]} 45. Rb7 {[%emt 0:00:52]} Bh4 {[%emt 0:00:18]} 46. f5 {[%emt 0:01:09]} Bf6 {[%emt 0:00:35]} 47. Ra7 {[%emt 0:00:26]} Bg5 {[%emt 0:03:02]} 48. Ra6 {[%emt 0:00:28]} Bf6 {[%emt 0:00:41]} 49. fxg6+ {[%emt 0:09:20]} Kxg6 {[%emt 0:00:19]} 50. Kf4 {[%emt 0:00:04]} Kf7 {[%emt 0:02:22]} 51. Kf5 {[%emt 0:01:49]} Kg7 {[%emt 0:03:34]} 52. Rc6 {[%emt 0:00:55]} Bh4 {[%emt 0:01:18]} 53. Rg6+ {[%emt 0:00:09]} Kh7 {[%emt 0:00:14]} 54. Re6 {[%emt 0:00:06]} Kg7 {[%emt 0:00:14]} 55. Ra6 {[%emt 0:00:25]} Bf6 {[%emt 0:01:10]} 56. Ra5 {[%emt 0:05:50]} Kf7 {[%emt 0:00:26]} 57. Rb5 {[%emt 0:00:09]} Bg5 {[%emt 0:01:11]} 58. Rb1 {[%emt 0:00:46]} Bf6 {[%emt 0:00:34]} 59. Rf1 {[%emt 0:00:21]} Bh4 {[%emt 0:00:38]} 60. Rh1 {[%emt 0:01:17]} Kg7 {[%emt 0:02:58]} 61. Rh2 {[%emt 0:01:24]} Kf7 {[%emt 0:00:27]} 62. Rg2 {[%emt 0:00:06]} Bf6 {[%emt 0:00:14]} 63. Rf2 {[%emt 0:01:47]} Bh4 {[%emt 0:00:13]} 64. Rf3 {[%emt 0:00:44]} Bf6 {[%emt 0:00:35]} 65. Ke4 {[%emt 0:00:12]} Kg6 {[%emt 0:02:15]} 66. Rf5 {[%emt 0:00:05]} Bg5 {[%emt 0:00:18]} 67. Kd5 {[%emt 0:00:42]} h5 {[%emt 0:01:36]} 68. h4 {[%emt 0:00:51]} Bxh4 {[%emt 0:00:09]} 69. Rxh5 {[%emt 0:00:02]} Bf6 {[%emt 0:05:22]} 70. Ke6 {[%emt 0:00:50]} Bg5 {[%emt 0:00:11]} 71. Rh8 {[%emt 0:00:18]} Bf6 {[%emt 0:00:15]} 72. Rg8+ {[%emt 0:00:11]} Kh7 {[%emt 0:01:20]} 73. Kf7 {[%emt 0:00:22]} Kh6 {[%emt 0:00:27]} 74. Rg6+ {[%emt 0:00:09]} Kh7 {[%emt 0:00:20]} 75. g5 {[%emt 0:01:12]} 1-0

[Event "28th WSCC Open 50 2018"]
[Site "Bled"]
[Date "2018.11.28"]
[Round "10"]
[White "Grant, Jonathan I M"]
[Black "Arakhamia-Grant, Ketevan"]
[Result "1/2-1/2"]
[WhiteElo "2192"]
[BlackElo "2373"]
[Annotator "TA"]
[PlyCount "35"]
[EventDate "2018.11.17"]
[EventType "swiss"]
[EventCountry "SLO"]
[SourceTitle "playchess.com"]
[Source "ChessBase"]
[SourceQuality "1"]

{[%evp 13,14,7,10]} 1. c4 c5 2. Nc3 Nc6 3. g3 g6 4. Bg2 Bg7 5. e4 e5 6. Nge2 Nge7 7. d3 d6 {LiveBook: 69 Games} {Predecessor:} 8. O-O $146 O-O 9. f4 f5 10. Be3 Nd4 11. Qd2 Be6 12. b3 Rb8 13. Rae1 Qd7 14. Nd5 b5 15. Bxd4 cxd4 16. Nxe7+ Qxe7 17. exf5 gxf5 18. Nxd4 {0-1 (56) Ivanchuk,V (2738)-Giri,A (2771) Leuven 2017} 1/2-1/2

[Event "28th WSCC Open 50 2018"]
[Site "Bled"]
[Date "2018.11.28"]
[Round "10"]
[White "Haessel, Dale R."]
[Black "Petran, Peter"]
[Result "1-0"]
[WhiteElo "2155"]
[BlackElo "2256"]
[Annotator "NA RC"]
[PlyCount "57"]
[EventDate "2018.11.17"]
[EventType "swiss"]
[EventCountry "SLO"]
[SourceTitle "playchess.com"]
[Source "ChessBase"]
[SourceQuality "1"]
[TimeControl "40/5400+30:1800+30"]

1. d4 {[%emt 0:00:00]} g6 {[%emt 0:00:36]} 2. c4 {[%emt 0:00:00]} Bg7 {[%emt 0:00:19]} 3. e4 {[%emt 0:00:00]} Nc6 {[%emt 0:02:26]} 4. Nf3 {[%emt 0:00:00]} e5 {[%emt 0:00:22]} 5. Bg5 {[%emt 0:00:11] A40: Unusual replies to 1 d4} (5. dxe5 Nxe5 6. Be2 d6 7. O-O Nxf3+ 8. Bxf3 Ne7 9. Nc3 O-O 10. Be3 Be6 11. c5 Nc8 12. Qc2 c6 13. Rad1 Qe7 {1-0 (56) Brodsky,M (2558)-Nepomniachtchi,I (2718) Sochi 2012}) 5... Nge7 {[%emt 0:01:48]} 6. dxe5 {[%emt 0:00:34]} Nxe5 {[%emt 0:00:23]} 7. Nxe5 {[%emt 0:00:33]} Bxe5 {[%emt 0:00:02]} 8. Nc3 {[%emt 0:00:17]} h6 {[%emt 0:03:14]} 9. Be3 {[%emt 0:00:06]} d6 {[%emt 0:00:47]} 10. Qd2 {[%emt 0:03:46]} Bg7 {[%emt 0:00:18]} 11. Be2 {[%emt 0:00:37]} Be6 {[%emt 0:00:28]} 12. O-O {[%emt 0:03:48]} a6 $146 {[%emt 0:01:28]} ({Predecessor:} 12... h5) 13. Nd5 {[%emt 0:03:10]} c5 {[%emt 0:10:42]} 14. Rab1 {[%emt 0:18:29]} Nc6 {[%emt 0:02:47]} 15. b4 {[%emt 0:03:24]} b6 {[%emt 0:11:10]} 16. bxc5 {[%emt 0:07:50]} bxc5 {[%emt 0:00:36]} 17. Rb7 {[%emt 0:00:26]} Rc8 {[%emt 0:00:51]} 18. f4 {[%emt 0:14:47]} Nd4 {[%emt 0:08:30]} 19. f5 {[%emt 0:14:51]} Bxd5 {[%emt 0:00:40]} 20. cxd5 {[%emt 0:00:14]} g5 {[%emt 0:13:44]} 21. f6 {[%emt 0:02:32]} Bxf6 {[%emt 0:08:25]} 22. Bg4 {[%emt 0:00:30]} O-O {[%emt 0:00:15]} 23. Rd7 {[%emt 0:00:28]} Qe8 {[%emt 0:01:42]} 24. Rxf6 {[%emt 0:02:12]} Qxe4 {[%emt 0:00:06]} 25. Bh5 {[%emt 0:05:04]} Nf5 $18 {[%emt 0:06:53]} 26. Rfxf7 {[%emt 0:09:08]} Rxf7 {[%emt 0:01:40]} 27. Bxf7+ {[%emt 0:00:06]} Kf8 {[%emt 0:00:05]} 28. Be6 {[%emt 0:02:59]} Nxe3 {[%emt 0:02:23]} 29. Qf2+ {[%emt 0:00:08]} 1-0

[Event "28th WSCC Open 50 2018"]
[Site "Bled"]
[Date "2018.11.28"]
[Round "10"]
[White "Gavrish, Leonid"]
[Black "Mukanov, Saltanat"]
[Result "0-1"]
[WhiteElo "2144"]
[BlackElo "2250"]
[Annotator "RC"]
[PlyCount "124"]
[EventDate "2018.11.17"]
[EventType "swiss"]
[EventCountry "SLO"]
[SourceTitle "playchess.com"]
[Source "ChessBase"]
[SourceQuality "1"]
[TimeControl "40/5400+30:1800+30"]

1. d4 {[%emt 0:00:00]} Nf6 {[%emt 0:00:00]} 2. c4 {[%emt 0:00:00]} g6 {[%emt 0:00:00]} 3. Nc3 {[%emt 0:00:00]} Bg7 {[%emt 0:00:00]} 4. e4 {[%emt 0:00:02]} O-O {[%emt 0:00:00]} 5. f4 {[%emt 0:00:05]} d6 {[%emt 0:00:00]} 6. Nf3 {[%emt 0:00:07]} c5 {[%emt 0:00:24]} 7. d5 {[%emt 0:00:07]} e6 {[%emt 0:00:09]} 8. Be2 {[%emt 0:00:06]} exd5 {[%emt 0:00:04]} 9. cxd5 {[%emt 0:00:05]} Re8 {[%emt 0:00:35]} 10. Nd2 {[%emt 0:00:09]} Na6 {[%emt 0:03:38]} 11. O-O {[%emt 0:00:51]} Nc7 {[%emt 0:00:23]} 12. a4 {[%emt 0:01:12]} b6 {[%emt 0:02:37]} 13. Bf3 {[%emt 0:04:12]} Ba6 {[%emt 0:05:35]} 14. Re1 {[%emt 0:00:51]} Rb8 {[%emt 0:00:09]} 15. Nf1 {[%emt 0:14:15]} Nd7 {[%emt 0:12:48]} 16. Be3 {[%emt 0:08:32]} c4 {[%emt 0:06:25]} 17. Qd2 {[%emt 0:09:27]} Nc5 {[%emt 0:00:33]} 18. Bxc5 {[%emt 0:00:52]} bxc5 {[%emt 0:00:44]} 19. Kh1 {[%emt 0:05:25]} Bd4 {[%emt 0:12:35]} 20. Ng3 {[%emt 0:04:08]} Na8 {[%emt 0:03:46]} 21. e5 {[%emt 0:07:52]} dxe5 {[%emt 0:00:34]} 22. f5 {[%emt 0:00:12]} Bc8 {[%emt 0:07:57]} 23. Be4 {[%emt 0:04:42]} Qh4 {[%emt 0:02:05]} 24. Rf1 {[%emt 0:02:46]} Nb6 {[%emt 0:04:05]} 25. Nb5 {[%emt 0:06:32]} Nd7 {[%emt 0:01:16]} 26. Rae1 {[%emt 0:16:42]} Nf6 {[%emt 0:02:53]} 27. fxg6 {[%emt 0:02:59]} hxg6 {[%emt 0:06:56]} 28. Rxf6 {[%emt 0:06:20]} Qxf6 {[%emt 0:00:12]} 29. Rf1 {[%emt 0:00:20]} Qh4 {[%emt 0:08:38]} 30. d6 {[%emt 0:02:11]} Rxb5 {[%emt 0:01:23]} 31. axb5 {[%emt 0:00:10]} Be6 {[%emt 0:00:06]} 32. Bc6 {[%emt 0:01:55]} Rd8 {[%emt 0:00:17]} 33. Ne4 {[%emt 0:00:12]} Bf5 {[%emt 0:02:04]} 34. Rxf5 {[%emt 0:01:28]} gxf5 {[%emt 0:00:04]} 35. g3 {[%emt 0:00:07]} c3 {[%emt 0:02:58]} 36. bxc3 {[%emt 0:00:33]} Bxc3 {[%emt 0:00:04]} 37. Qxc3 {[%emt 0:00:45]} Qh8 {[%emt 0:00:09]} 38. Qa5 {[%emt 0:00:37]} Kg7 {[%emt 0:00:21]} 39. Nxc5 {[%emt 0:00:48]} Rxd6 {[%emt 0:00:07]} 40. Qa1 {[%emt 0:00:00]} Kg6 {[%emt 0:00:00]} 41. Bf3 {[%emt 0:07:00]} Qe8 {[%emt 0:03:41]} 42. g4 {[%emt 0:04:01]} fxg4 {[%emt 0:02:14]} 43. Qb1+ {[%emt 0:00:20]} Kg7 {[%emt 0:02:39]} 44. Bxg4 {[%emt 0:01:21]} Qa8+ {[%emt 0:06:43]} 45. Ne4 {[%emt 0:06:00]} Qd5 {[%emt 0:03:30]} 46. Bf3 {[%emt 0:04:27]} Qd3 {[%emt 0:00:38]} 47. Qxd3 {[%emt 0:04:20]} Rxd3 {[%emt 0:00:01]} 48. Kg2 {[%emt 0:00:47]} f5 {[%emt 0:01:43]} 49. Nf2 {[%emt 0:00:34]} Rb3 {[%emt 0:01:35]} 50. Be2 {[%emt 0:00:45]} Kf6 {[%emt 0:00:43]} 51. h4 {[%emt 0:01:36]} Rb2 {[%emt 0:00:44]} 52. Kf1 {[%emt 0:01:42]} Rb1+ {[%emt 0:04:16]} 53. Nd1 {[%emt 0:00:30]} e4 {[%emt 0:01:55]} 54. Kf2 {[%emt 0:00:14]} Rc1 {[%emt 0:01:10]} 55. Ke3 {[%emt 0:01:08]} Ke5 {[%emt 0:00:56]} 56. Kd2 {[%emt 0:00:04]} Rc7 {[%emt 0:04:12]} 57. Ne3 {[%emt 0:00:28]} f4 {[%emt 0:02:28]} 58. Nc4+ {[%emt 0:00:14]} Kd4 {[%emt 0:00:31]} 59. b6 {[%emt 0:00:10]} axb6 {[%emt 0:00:08]} 60. Nxb6 {[%emt 0:00:08]} f3 {[%emt 0:00:26]} 61. Bf1 {[%emt 0:01:50]} e3+ {[%emt 0:00:20]} 62. Kd1 {[%emt 0:00:06]} Rb7 {[%emt 0:00:32]} 0-1

[Event "28th WSCC Open 50 2018"]
[Site "Bled"]
[Date "2018.11.29"]
[Round "11"]
[White "Sturua, Zurab"]
[Black "Bagaturov, Giorgi"]
[Result "1/2-1/2"]
[WhiteElo "2529"]
[BlackElo "2417"]
[Annotator "TA"]
[PlyCount "46"]
[EventDate "2018.11.17"]
[EventType "swiss"]
[EventCountry "SLO"]
[SourceTitle "playchess.com"]
[Source "ChessBase"]
[SourceQuality "1"]

{[%evp 26,46,7,0,85,81,83,80,95,60,69,64,55,70,69,70,69,64,50,0,0,0,0]} 1. Nf3 Nf6 2. g3 g6 3. Bg2 Bg7 4. O-O O-O 5. d4 d5 6. c4 dxc4 7. Na3 Nc6 8. Nxc4 Be6 9. b3 Bd5 10. Bb2 a5 11. Rc1 a4 12. bxa4 Ra6 13. Nfe5 {D77: Fianchetto Grünfeld: 6 0-0: Replies other than 6...c6} Bxg2 14. Kxg2 {LiveBook: 38 Games} Nxe5 (14... Qa8 $1 $11) (14... Qa8 15. Nxc6 Rxc6 16. Kg1 Rd8 17. Qb3 Ne4 18. Rfd1 e6 19. f3 Nd6 20. Ne5 Rb6 21. Qc2 Nf5 22. Qxc7 Rxb2 23. Qxf7+ {0-1 (65) Wang,H (2709)-Le,Q (2737) Huaian 2017}) 15. dxe5 $16 {White is better.} ({But not} 15. Nxe5 $6 Qd5+ 16. Kg1 Qxa2 $11) 15... Nd7 {[%cal Bf6d7,Bd7c5,Bc5a4][%mdl 32]} 16. f4 $146 ({Predecessor:} 16. a5 Qc8 17. Qd5 Rc6 18. Rfd1 Nb8 19. h3 Re8 20. e4 Na6 {½-½ (33) Schlemermeyer,W (2300)-Gaerths,R (2285) Germany 2002}) 16... b6 17. Rf3 (17. Ba3 {seems wilder.} c5 18. Rf3 Qc8 19. Kf2 Qc6 20. Rd3) 17... Nc5 18. Qxd8 Rxd8 19. a5 b5 20. Na3 Na4 21. Ba1 c6 22. Rd3 (22. Nc2 $5 {[%cal Rc2b4]} c5 23. Bc3 $14) 22... Rxd3 23. exd3 e6 1/2-1/2

[Event "28th WSCC Open 50 2018"]
[Site "Bled"]
[Date "2018.11.29"]
[Round "11"]
[White "Movsziszian, Karen"]
[Black "Van der Werf, Mark"]
[Result "1/2-1/2"]
[WhiteElo "2513"]
[BlackElo "2402"]
[Annotator "TA"]
[PlyCount "28"]
[EventDate "2018.11.17"]
[EventType "swiss"]
[EventCountry "SLO"]
[SourceTitle "playchess.com"]
[Source "ChessBase"]
[SourceQuality "1"]

{[%evp 19,28,28,17,0,0,0,0,0,0,0,0]} 1. g3 e5 2. c4 Nf6 3. Bg2 d5 4. cxd5 Nxd5 5. Nf3 Nc6 6. O-O Be7 7. d4 e4 8. Ne5 f5 9. Nxc6 {A20: English Opening: 1...e5} bxc6 10. Qc2 Qd7 {LiveBook: 6 Games} 11. Nd2 {The position is equal.} (11. Nc3 O-O 12. Nxd5 cxd5 13. Bf4 c6 14. Rfc1 Bb7 15. e3 a5 16. h4 Rfc8 {½-½ (35) Topalov,V (2749)-Karjakin,S (2781) Paris 2017}) 11... Nb4 $146 ({Predecessor:} 11... O-O 12. Nb3 Ba6 13. Re1 Nb4 14. Qc3 Nd5 15. Qc2 Nb4 16. Qc3 Nd5 17. Qc2 {½-½ (17) Kovalevskaya,E (2407)-Vasilevich,I (2370) Ekaterinburg 2013}) 12. Qc3 Nd5 13. Qc2 Nb4 14. Qc3 Nd5 1/2-1/2